000 00573nam a2200181Ia 4500
008 100920s9999 xx 000 0 und d
082 _b9233
_a11 थ 60
100 _aI. SUNDARAM.
245 _aA CRITICAL ANALYSIS OF THE THIRD FIVE-YEAR PLAN.
260 _bMALHOTRA BROTHERS PUBLISHERS, DELHI.
_c1960
300 _a49
_bसाधी
365 _b1
520 _aएच.पी.बी.
630 _aA CRITICAL ANALYSIS OF THE THIRD FIVE-YEAR PLAN.
650 _aएच.पी.बी.
730 _aA CRITICAL ANALYSIS OF THE THIRD FIVE-YEAR PLAN.
942 _cBOOK
999 _c676235
_d676232